[Event "GER-ch 2014-E-V4 serv"]
[Site "GER email"]
[Date "2014.12.08"]
[Round "?"]
[White "Fischer, Wolfgang"]
[Black "Scharf, Wolfgang"]
[Result "1-0"]
[WhiteElo "2222"]
[BlackElo "1982"]
[PlyCount "105"]
[EventDate "2014.12.22"]
[EventType "tourn (corr)"]
[EventRounds "6"]
[EventCountry "GER"]
[SourceTitle "Corr 2020"]
[Source "ChessBase"]
[SourceDate "2019.09.30"]
[SourceVersion "1"]
[SourceVersionDate "2019.09.30"]
[SourceQuality "1"]

1. e4 c5 2. Nf3 d6 3. d4 cxd4 4. Nxd4 Nf6 5. Nc3 a6 6. Bg5 e6 7. f4 Qb6 8. Qd2 Qxb2 9. Rb1 Qa3 10. e5 dxe5 11. fxe5 Nfd7 12. Ne4 h6 13. Bh4 Qxa2 14. Rd1 Qd5 15. Qe3 Qxe5 16. Be2 Bc5 17. Bg3 Bxd4 18. Rxd4 Qa5+ 19. Rd2 0-0 20. Bd6 Rd8 21. Qg3 Qf5 22. Be5 Qg6 23. Qh4 Nc6 24. Bh5 Qf5 25. Bxg7 Nc5 26. Nxc5 Kxg7 27. Rf1 Qe5+ 28. Ne4 Qa1+ 29. Rd1 Rxd1+ 30. Bxd1 Qe5 31. Rf6 Bd7 32. Qxh6+ Kg8 33. Rf4 f5 34. Rh4 Rd8 35. Rh3 Qxe4+ 36. Kf1 Qe5 37. Rg3+ Qxg3 38. hxg3 Be8 39. Bf3 Rd6 40. g4 fxg4 41. Be4 Rd1+ 42. Kf2 Rd7 43. Qxe6+ Kf8 44. Qxg4 Rd2+ 45. Ke3 Rd7 46. Qf4+ Ke7 47. g4 Rd6 48. Qg5+ Kf8 49. Qf5+ Ke7 50. Qh7+ Kf8 51. Qxb7 Ne7 52. Bd3 Rc6 53. Qb8 1-0

[Event "GER-ch 2014-D-V8 serv"]
[Site "GER email"]
[Date "2014.09.29"]
[Round "?"]
[White "Traut, Gerhard"]
[Black "Scharf, Wolfgang"]
[Result "1/2-1/2"]
[WhiteElo "2005"]
[BlackElo "1972"]
[PlyCount "110"]
[EventDate "2014.10.06"]
[EventType "tourn (corr)"]
[EventRounds "6"]
[EventCountry "GER"]
[SourceTitle "Corr 2020"]
[Source "ChessBase"]
[SourceDate "2019.09.30"]
[SourceVersion "1"]
[SourceVersionDate "2019.09.30"]
[SourceQuality "1"]

1. e4 c5 2. Nf3 d6 3. d4 cxd4 4. Nxd4 Nf6 5. Nc3 a6 6. Be3 e5 7. Nb3 Be7 8. f3 Be6 9. Qd2 0-0 10. 0-0-0 Nbd7 11. g4 Qc7 12. Kb1 b5 13. g5 Nh5 14. Nd5 Bxd5 15. exd5 Nb6 16. Rg1 g6 17. h4 Rab8 18. Rg4 f5 19. Rb4 Ng3 20. Bd3 Nc4 21. Bxc4 bxc4 22. Na5 f4 23. Bg1 Nf1 24. Qc3 Rxb4 25. Qxb4 Ne3 26. Bxe3 fxe3 27. Nc6 Rf4 28. Qe1 Rxf3 29. Qe2 Rf4 30. Qxe3 Rxh4 31. Rf1 Qd7 32. Qg3 Re4 33. a3 Bf8 34. Qh2 c3 35. bxc3 Qb7+ 36. Kc1 Qc8 37. Rh1 Qd7 38. Rf1 Rc4 39. Rf3 Be7 40. Qg3 Rg4 41. Nxe7+ Kg7 42. Qh3 Rg1+ 43. Kd2 Qxe7 44. Rg3 Rxg3 45. Qxg3 h6 46. gxh6+ Kxh6 47. Qh3+ Kg7 48. c4 Qg5+ 49. Kc3 Qf5 50. Qe3 e4 51. Qa7+ Kf6 52. Qxa6 Qe5+ 53. Kd2 e3+ 54. Ke2 Qf4 55. Qc8 Qf2+ 1/2-1/2

[Event "GER-ch 2014-C-V5 serv"]
[Site "GER email"]
[Date "2014.07.08"]
[Round "?"]
[White "Scharf, Wolfgang"]
[Black "Voigt, Detlev"]
[Result "0-1"]
[WhiteElo "1972"]
[BlackElo "1757"]
[PlyCount "126"]
[EventDate "2014.07.10"]
[EventType "tourn (corr)"]
[EventRounds "6"]
[EventCountry "GER"]
[SourceTitle "Corr 2020"]
[Source "ChessBase"]
[SourceDate "2019.09.30"]
[SourceVersion "1"]
[SourceVersionDate "2019.09.30"]
[SourceQuality "1"]

1. d4 Nf6 2. c4 g6 3. Nf3 Bg7 4. Nc3 0-0 5. e4 d6 6. h3 e5 7. d5 a5 8. Bg5 Na6 9. Be2 Qe8 10. Nd2 Nd7 11. a3 f6 12. Bh4 Nb6 13. b3 Bh6 14. Rb1 Nc5 15. 0-0 Bd7 16. Qc2 f5 17. b4 Nxe4 18. Ndxe4 fxe4 19. c5 axb4 20. axb4 Na4 21. Nxe4 Bf5 22. f3 Be3+ 23. Kh2 g5 24. Be1 Bd4 25. Bd3 Bxe4 26. Bxe4 Qd7 27. cxd6 cxd6 28. Bd2 Rac8 29. Qd3 h6 30. Rbc1 Nb2 31. Qe2 b5 32. Rxc8 Rxc8 33. h4 Nc4 34. Bc1 Qg7 35. hxg5 hxg5 36. g3 Ra8 37. Kg2 Ra1 38. Rh1 Qa7 39. Bc2 Rxc1 40. Rxc1 Ne3+ 41. Kh1 Qa3 42. Qd2 Qb2 43. g4 Kf8 44. Kh2 e4 45. fxe4 Be5+ 46. Kg1 Bf4 47. Rb1 Qxc2 48. Qxc2 Nxc2 49. Kg2 Ke7 50. Kf2 Kf6 51. Ke2 Ke5 52. Kd3 Ne3 53. Rg1 Bh2 54. Ra1 Nxg4 55. Ra7 Nf2+ 56. Ke3 Nd1+ 57. Ke2 Nb2 58. Ra2 Nc4 59. Kd3 Bg1 60. Rg2 Be3 61. Rh2 Kf4 62. Rh6 Ne5+ 63. Ke2 g4 0-1

[Event "GER-ch 2012-F-F serv"]
[Site "GER email"]
[Date "2014.07.08"]
[Round "?"]
[White "Scharf, Wolfgang"]
[Black "Walther, Joachim"]
[Result "1/2-1/2"]
[WhiteElo "1966"]
[BlackElo "2000"]
[PlyCount "68"]
[EventDate "2014.07.10"]
[EventType "tourn (corr)"]
[EventRounds "9"]
[EventCountry "GER"]
[SourceTitle "Corr 2015"]
[Source "ChessBase"]
[SourceDate "2015.07.17"]
[SourceVersion "1"]
[SourceVersionDate "2015.07.17"]
[SourceQuality "1"]

1. d4 d5 2. c4 c6 3. Nf3 Nf6 4. e3 a6 5. Nc3 b5 6. b3 Bf5 7. Bd3 e6 8. 0-0 Nbd7 9. Bb2 Bxd3 10. Qxd3 Qb8 11. Rab1 Qb7 12. h3 h6 13. Rfd1 Bb4 14. a3 Ba5 15. Nd2 0-0 16. e4 dxc4 17. bxc4 e5 18. Nb3 Bc7 19. d5 bxc4 20. Qxc4 cxd5 21. Nxd5 Nxd5 22. exd5 Rfd8 23. Ba1 Nb6 24. Na5 Nxc4 25. Nxb7 Rd7 26. Nc5 Rdd8 27. a4 Bb6 28. Rbc1 Bxc5 29. Rxc4 Bd4 30. Bxd4 Rxd5 31. f4 exd4 32. Rdxd4 Rad8 33. Rxd5 Rxd5 34. Rc8+ Kh7 1/2-1/2

[Event "GER-ch 2012-F-F serv"]
[Site "GER email"]
[Date "2014.07.08"]
[Round "?"]
[White "Voetter, Hans Dieter"]
[Black "Scharf, Wolfgang"]
[Result "1-0"]
[WhiteElo "2203"]
[BlackElo "1966"]
[PlyCount "91"]
[EventDate "2014.07.10"]
[EventType "tourn (corr)"]
[EventRounds "9"]
[EventCountry "GER"]
[SourceTitle "Corr 2015"]
[Source "ChessBase"]
[SourceDate "2015.07.17"]
[SourceVersion "1"]
[SourceVersionDate "2015.07.17"]
[SourceQuality "1"]

1. Nf3 d5 2. g3 Nf6 3. Bg2 c6 4. 0-0 Bg4 5. c4 e6 6. d3 Bd6 7. Nc3 Nbd7 8. cxd5 exd5 9. h3 Bxf3 10. Bxf3 0-0 11. e4 dxe4 12. dxe4 Qe7 13. Bg2 Rad8 14. Qc2 Bc5 15. Kh2 Bb6 16. f4 Nc5 17. e5 Nfd7 18. Be3 f6 19. b4 Ne6 20. Bxb6 Nxb6 21. exf6 Qxf6 22. Ne4 Qf7 23. Qf2 Nd4 24. Rac1 Nf5 25. Ng5 Qd7 26. Rcd1 Qe7 27. Rxd8 Rxd8 28. Re1 Qxb4 29. Qe2 Qd6 30. Qc2 h6 31. Qxf5 hxg5 32. fxg5 Rf8 33. Qb1 Qd7 34. h4 Rf2 35. Qg6 Nd5 36. Kg1 Rf7 37. Qh5 Qf5 38. Rf1 Qd7 39. Qxf7+ Qxf7 40. Rxf7 Kxf7 41. Bxd5+ cxd5 42. Kf2 b5 43. Ke3 a5 44. Kd4 Ke6 45. g6 b4 46. Kc5 1-0

[Event "GER-ch 2013-F-V5 serv"]
[Site "GER email"]
[Date "2013.12.23"]
[Round "?"]
[White "Emrich, Eiko"]
[Black "Scharf, Wolfgang"]
[Result "1-0"]
[WhiteElo "2098"]
[BlackElo "1989"]
[PlyCount "93"]
[EventDate "2013.12.31"]
[EventType "tourn (corr)"]
[EventRounds "6"]
[EventCountry "GER"]
[SourceTitle "Corr 2015"]
[Source "ChessBase"]
[SourceDate "2015.07.17"]
[SourceVersion "1"]
[SourceVersionDate "2015.07.17"]
[SourceQuality "1"]

1. Nf3 d5 2. g3 g6 3. Bg2 Bg7 4. 0-0 e5 5. d3 Nc6 6. c4 dxc4 7. dxc4 Qxd1 8. Rxd1 e4 9. Ng5 f5 10. Nc3 Bxc3 11. bxc3 h6 12. Nh3 Kf7 13. Nf4 Nf6 14. f3 Be6 15. Nxe6 Kxe6 16. Rb1 b6 17. c5 Rad8 18. Rxd8 Nxd8 19. cxb6 cxb6 20. fxe4 Nxe4 21. Bxe4 fxe4 22. Rb4 Kf5 23. Kf2 h5 24. Rb5+ Ke6 25. Bf4 Nf7 26. Rb4 g5 27. Be3 Kf5 28. Bd4 Rc8 29. Rb5+ Kg6 30. h4 Rc4 31. Rd5 Ra4 32. Rd7 gxh4 33. gxh4 Rxa2 34. Re7 Nd8 35. Ke3 Kf5 36. Re5+ Kg6 37. Rg5+ Kh6 38. Rf5 Kg6 39. Rf4 Kh7 40. Rxe4 Nf7 41. Re7 Kg8 42. Re8+ Kh7 43. Kf3 Nd6 44. Re7+ Kg8 45. Kf4 Nb5 46. Be5 Rxe2 47. Kf5 1-0

[Event "GER-ch 2013-F-V5 serv"]
[Site "GER email"]
[Date "2013.12.23"]
[Round "?"]
[White "Scharf, Wolfgang"]
[Black "Wassilieff, Hans Dieter"]
[Result "0-1"]
[WhiteElo "1989"]
[BlackElo "2021"]
[PlyCount "102"]
[EventDate "2013.12.31"]
[EventType "tourn (corr)"]
[EventRounds "6"]
[EventCountry "GER"]
[SourceTitle "Corr 2015"]
[Source "ChessBase"]
[SourceDate "2015.07.17"]
[SourceVersion "1"]
[SourceVersionDate "2015.07.17"]
[SourceQuality "1"]

1. d4 Nf6 2. c4 e6 3. Nf3 d5 4. Nc3 Be7 5. Bf4 0-0 6. e3 Nbd7 7. c5 Nh5 8. Bd3 Nxf4 9. exf4 b6 10. b4 a5 11. a3 c6 12. 0-0 Qc7 13. g3 Ba6 14. Bxa6 Rxa6 15. Qe2 Raa8 16. Rfb1 Bf6 17. Ne5 Rfb8 18. Qe1 Bxe5 19. fxe5 Ra7 20. Kg2 Rba8 21. Qg1 h6 22. Qc1 Qc8 23. Qe1 Qc7 24. Qd1 Qd8 25. Ne2 Qg5 26. Nf4 axb4 27. axb4 b5 28. Rxa7 Rxa7 29. Ra1 Rxa1 30. Qxa1 Qf5 31. Nh3 Nf8 32. Ng1 g5 33. h3 Qd3 34. Nf3 Kg7 35. Qf1 Qb3 36. Qa1 Qxb4 37. Qa8 Qb1 38. Qxc6 Qe4 39. Qxb5 h5 40. c6 g4 41. Qb3 Ng6 42. c7 Ne7 43. h4 gxf3+ 44. Qxf3 Kg6 45. Qxe4+ dxe4 46. Kf1 Kf5 47. Ke1 Kg4 48. Ke2 e3 49. f4 Kf5 50. Kf3 Kg6 51. Ke2 f6 0-1

[Event "GER-ch 2013-F-V5 serv"]
[Site "GER email"]
[Date "2013.12.23"]
[Round "?"]
[White "Traut, Gerhard"]
[Black "Scharf, Wolfgang"]
[Result "1/2-1/2"]
[WhiteElo "1877"]
[BlackElo "1989"]
[PlyCount "89"]
[EventDate "2013.12.31"]
[EventType "tourn (corr)"]
[EventRounds "6"]
[EventCountry "GER"]
[SourceTitle "Corr 2015"]
[Source "ChessBase"]
[SourceDate "2015.07.17"]
[SourceVersion "1"]
[SourceVersionDate "2015.07.17"]
[SourceQuality "1"]

1. d4 Nf6 2. c4 e6 3. Nf3 d5 4. Nc3 dxc4 5. e3 a6 6. a4 c5 7. Bxc4 Nc6 8. 0-0 Be7 9. Qe2 0-0 10. Rd1 Qc7 11. h3 Rd8 12. b3 cxd4 13. exd4 Na5 14. Bg5 Nxb3 15. Bxb3 Qxc3 16. Rab1 h6 17. Bh4 Qc7 18. Rdc1 Qd7 19. Bg3 Bd6 20. Ne5 Qe8 21. Qf3 Be7 22. Nc4 Nd5 23. a5 Bg5 24. Rc2 Qf8 25. Rd1 Bf6 26. Be5 Be7 27. Qe4 f6 28. Bg3 Kh8 29. Nb6 Nxb6 30. axb6 f5 31. Qf3 Bd6 32. Be5 a5 33. Rc7 Bxe5 34. dxe5 a4 35. Rxd8 Qxd8 36. Qg3 Qf8 37. Ba2 Kh7 38. Kh2 a3 39. Qc3 Kh8 40. Qc2 Qe8 41. Kg1 Kh7 42. g4 Bd7 43. Rxb7 Bc6 44. Rc7 Be4 45. Qb3 1/2-1/2

[Event "GER-ch 2013-E-V8 serv"]
[Site "GER email"]
[Date "2013.11.05"]
[Round "?"]
[White "Langheld, Werner"]
[Black "Scharf, Wolfgang"]
[Result "1/2-1/2"]
[WhiteElo "1956"]
[BlackElo "2011"]
[PlyCount "69"]
[EventDate "2013.11.15"]
[EventType "tourn (corr)"]
[EventRounds "6"]
[EventCountry "GER"]
[SourceTitle "Corr 2015"]
[Source "ChessBase"]
[SourceDate "2015.07.17"]
[SourceVersion "1"]
[SourceVersionDate "2015.07.17"]
[SourceQuality "1"]

1. e4 c5 2. Nc3 Nc6 3. g3 g6 4. Bg2 Bg7 5. d3 d6 6. f4 e6 7. Nf3 Nge7 8. 0-0 0-0 9. Be3 b6 10. Bf2 Ba6 11. a4 Qd7 12. Qd2 Rac8 13. Rac1 Rfd8 14. Rfd1 e5 15. f5 Bb7 16. Be3 Nd4 17. Rf1 f6 18. Bh6 Rf8 19. fxg6 hxg6 20. Bxg7 Kxg7 21. Rce1 d5 22. exd5 Nxd5 23. Nh4 Rcd8 24. Ne4 Ne7 25. a5 Bd5 26. Qf2 Bxe4 27. Bxe4 Ndc6 28. axb6 axb6 29. Qe3 Qe6 30. c3 f5 31. Bg2 Qf6 32. Nf3 Nd5 33. Qg5 Qxg5 34. Nxg5 Rf6 35. Nf3 1/2-1/2

[Event "GER-ch 2013-E-V8 serv"]
[Site "GER email"]
[Date "2013.11.05"]
[Round "?"]
[White "Scharf, Wolfgang"]
[Black "Reichgeld, Manfred"]
[Result "1-0"]
[WhiteElo "2011"]
[BlackElo "1977"]
[PlyCount "75"]
[EventDate "2013.11.15"]
[EventType "tourn (corr)"]
[EventRounds "6"]
[EventCountry "GER"]
[SourceTitle "Corr 2015"]
[Source "ChessBase"]
[SourceDate "2015.07.17"]
[SourceVersion "1"]
[SourceVersionDate "2015.07.17"]
[SourceQuality "1"]

1. d4 Nf6 2. c4 e6 3. Nf3 b6 4. a3 Bb7 5. Nc3 d5 6. cxd5 Nxd5 7. Qc2 Nxc3 8. Qxc3 h6 9. e3 Nd7 10. Bb5 Bd6 11. Bc6 Bxc6 12. Qxc6 0-0 13. Bd2 Nf6 14. Rc1 Qd7 15. Qxd7 Nxd7 16. Rc6 a5 17. Ke2 Nb8 18. Rc2 Nd7 19. e4 f6 20. Be3 Rfd8 21. h3 Kf7 22. Nd2 e5 23. dxe5 Nxe5 24. f4 Ng6 25. g3 c5 26. Rd1 Ne7 27. Nc4 Bc7 28. Rcd2 Rxd2+ 29. Rxd2 Rd8 30. Rxd8 Bxd8 31. f5 Ke8 32. a4 Nc6 33. Bf4 Kd7 34. Bd6 Ne7 35. g4 Bc7 36. Bxc7 Kxc7 37. e5 Nc6 38. e6 1-0

[Event "GER-ch 2013-E-V8 serv"]
[Site "GER email"]
[Date "2013.11.05"]
[Round "?"]
[White "Scharf, Wolfgang"]
[Black "Wolf, Wolfgang"]
[Result "0-1"]
[WhiteElo "2011"]
[BlackElo "2150"]
[PlyCount "90"]
[EventDate "2013.11.15"]
[EventType "tourn (corr)"]
[EventRounds "6"]
[EventCountry "GER"]
[SourceTitle "Corr 2015"]
[Source "ChessBase"]
[SourceDate "2015.07.17"]
[SourceVersion "1"]
[SourceVersionDate "2015.07.17"]
[SourceQuality "1"]

1. d4 Nf6 2. c4 e6 3. Nf3 d5 4. Nc3 c6 5. e3 Nbd7 6. Bd3 dxc4 7. Bxc4 b5 8. Bd3 Bb7 9. 0-0 a6 10. e4 c5 11. d5 Qc7 12. Bc2 0-0-0 13. dxe6 Ne5 14. Qe2 Nxf3+ 15. Qxf3 fxe6 16. Qh3 Kb8 17. Be3 Bd6 18. f3 Rhg8 19. Kh1 g5 20. Rad1 Rde8 21. g3 g4 22. Qh4 Be5 23. Bg5 Rg6 24. Bxf6 Bxf6 25. Qh5 Rc8 26. fxg4 Qg7 27. Qh3 Bxc3 28. bxc3 Qxc3 29. Bb1 Qg7 30. Qh5 c4 31. Rf2 Rc7 32. Bc2 Ka7 33. g5 Rxg5 34. Qe2 Qe5 35. Kg1 Qc5 36. Kf1 Rgg7 37. Kg2 Rcd7 38. Rf6 c3 39. Rd3 Rxd3 40. Qxd3 Bc6 41. Kf3 Kb7 42. Qe3 Qa3 43. Qe1 Rc7 44. Qb1 Qe7 45. Rf4 e5 0-1

[Event "GER-ch 2013-D-V6 serv"]
[Site "GER email"]
[Date "2013.10.08"]
[Round "?"]
[White "Just, Joachim"]
[Black "Scharf, Wolfgang"]
[Result "1/2-1/2"]
[WhiteElo "1990"]
[BlackElo "2011"]
[PlyCount "85"]
[EventDate "2013.10.20"]
[EventType "tourn (corr)"]
[EventRounds "6"]
[EventCountry "GER"]
[SourceTitle "Corr 2015"]
[Source "ChessBase"]
[SourceDate "2015.07.17"]
[SourceVersion "1"]
[SourceVersionDate "2015.07.17"]
[SourceQuality "1"]

1. g3 d5 2. f4 g6 3. Bg2 Bg7 4. Nf3 Nf6 5. 0-0 0-0 6. d3 c5 7. c3 Nc6 8. Na3 b6 9. Qa4 Bd7 10. e4 Rb8 11. Qc2 b5 12. e5 Ng4 13. Qd2 f6 14. h3 Nh6 15. exf6 exf6 16. Qf2 b4 17. Nc2 bxc3 18. bxc3 Qa5 19. Ba3 Rfc8 20. Qxc5 Rb5 21. Qf2 Qxc3 22. Rfc1 f5 23. d4 Nf7 24. Bc5 Qa5 25. Nd2 Rxc5 26. dxc5 Bxa1 27. Rxa1 Qc3 28. Nb3 a5 29. Ne3 a4 30. Rc1 Qg7 31. Na1 Ne7 32. Nxd5 Nxd5 33. Bxd5 Bc6 34. Bxc6 Rxc6 35. Kh2 Rc7 36. Qg1 Qf6 37. Rc2 Qc6 38. Qg2 Qb5 39. Qa8+ Kg7 40. Qd5 Rd7 41. Qh1 Nd8 42. Qg2 Qc6 43. Qxc6 1/2-1/2

[Event "GER-ch 2013-D-V6 serv"]
[Site "GER email"]
[Date "2013.10.08"]
[Round "?"]
[White "Reinecke, Rudolf"]
[Black "Scharf, Wolfgang"]
[Result "1/2-1/2"]
[WhiteElo "2059"]
[BlackElo "2011"]
[PlyCount "49"]
[EventDate "2013.10.20"]
[EventType "tourn (corr)"]
[EventRounds "6"]
[EventCountry "GER"]
[SourceTitle "Corr 2015"]
[Source "ChessBase"]
[SourceDate "2015.07.17"]
[SourceVersion "1"]
[SourceVersionDate "2015.07.17"]
[SourceQuality "1"]

1. d4 Nf6 2. c4 e6 3. Nf3 d5 4. Nc3 Bb4 5. Bg5 Nbd7 6. cxd5 exd5 7. e3 c5 8. Be2 Qa5 9. 0-0 Bxc3 10. bxc3 c4 11. Qc2 Ne4 12. Rac1 Nxg5 13. Nxg5 Nf6 14. e4 h6 15. Nf3 Nxe4 16. Bxc4 0-0 17. Bd3 Nd6 18. Ne5 Re8 19. f4 f6 20. Bg6 Rd8 21. Nd3 Bf5 22. Bxf5 Nxf5 23. Rfe1 Re8 24. Qb3 Ne3 25. Kf2 1/2-1/2

[Event "GER-ch 2013-C-V7 serv"]
[Site "GER email"]
[Date "2013.06.17"]
[Round "?"]
[White "Green, Michael"]
[Black "Scharf, Wolfgang"]
[Result "1/2-1/2"]
[WhiteElo "1869"]
[BlackElo "2019"]
[PlyCount "84"]
[EventDate "2013.06.20"]
[EventType "tourn (corr)"]
[EventRounds "6"]
[EventCountry "GER"]
[SourceTitle "Corr 2015"]
[Source "ChessBase"]
[SourceDate "2015.07.17"]
[SourceVersion "1"]
[SourceVersionDate "2015.07.17"]
[SourceQuality "1"]

1. d4 Nf6 2. c4 e6 3. Qd3 d5 4. Nf3 c5 5. e3 Nc6 6. Nc3 b6 7. cxd5 exd5 8. Be2 c4 9. Qc2 Bd6 10. 0-0 0-0 11. b3 cxb3 12. axb3 Nb4 13. Qd2 a5 14. Ba3 Ne4 15. Nxe4 dxe4 16. Ne5 Be6 17. Qb2 f6 18. Nc4 Be7 19. Rfc1 Rc8 20. Nd2 Bd5 21. Bb5 g6 22. Bc4 Qd7 23. Bxd5+ Qxd5 24. Rxc8 Rxc8 25. Rc1 Re8 26. Bxb4 Bxb4 27. Nf1 b5 28. Ng3 Rb8 29. Qc2 f5 30. Ne2 Qd7 31. g3 Ra8 32. g4 Ba3 33. Ra1 Rc8 34. Qb1 Bd6 35. gxf5 Qxf5 36. Ng3 Bxg3 37. hxg3 b4 38. Qb2 Rc3 39. Qa2 h5 40. Kg2 Qf3+ 41. Kg1 Qf5 42. Kg2 Qf3+ 1/2-1/2

[Event "GER-ch 2013-C-V7 serv"]
[Site "GER email"]
[Date "2013.06.17"]
[Round "?"]
[White "Scharf, Wolfgang"]
[Black "Krumm, Guenther"]
[Result "0-1"]
[WhiteElo "2019"]
[BlackElo "2059"]
[PlyCount "104"]
[EventDate "2013.06.20"]
[EventType "tourn (corr)"]
[EventRounds "6"]
[EventCountry "GER"]
[SourceTitle "Corr 2015"]
[Source "ChessBase"]
[SourceDate "2015.07.17"]
[SourceVersion "1"]
[SourceVersionDate "2015.07.17"]
[SourceQuality "1"]

1. d4 Nf6 2. c4 e6 3. Nc3 Bb4 4. Nf3 b6 5. e3 Ne4 6. Qc2 Bb7 7. Bd3 f5 8. 0-0 Nxc3 9. bxc3 Bxf3 10. gxf3 Bd6 11. e4 Qh4 12. e5 Be7 13. Kh1 g5 14. Qe2 Nc6 15. Rg1 Rg8 16. f4 0-0-0 17. fxg5 Bxg5 18. Bxg5 Rxg5 19. Rxg5 Qxg5 20. Rg1 Qh4 21. c5 Ne7 22. cxb6 axb6 23. Qb2 Ng6 24. Rg3 Kb7 25. Bf1 Ra8 26. c4 Kc8 27. Bg2 Ra4 28. Qb3 Ra6 29. Qb2 Qf4 30. Kg1 c5 31. Rd3 cxd4 32. c5 Qxe5 33. cxb6 Qc5 34. Rb3 Kb8 35. Bf1 Ra5 36. Rh3 Ne5 37. Rxh7 Qc3 38. Qb1 Nf3+ 39. Kh1 Nd2 40. Rh8+ Kb7 41. Bg2+ Ne4 42. Rh3 Qc6 43. Kg1 Rc5 44. Qd3 Rc1+ 45. Bf1 Qa4 46. Kg2 Rc2 47. Rf3 Rxa2 48. h4 Nd2 49. Be2 Nxf3 50. Bxf3+ d5 51. h5 Qb4 52. h6 Ra8 0-1

[Event "GER-ch 2013-C-V7 serv"]
[Site "GER email"]
[Date "2013.06.17"]
[Round "?"]
[White "Scharf, Wolfgang"]
[Black "Rund, Hans Juergen"]
[Result "1-0"]
[WhiteElo "2019"]
[BlackElo "1892"]
[PlyCount "81"]
[EventDate "2013.06.20"]
[EventType "tourn (corr)"]
[EventRounds "6"]
[EventCountry "GER"]
[SourceTitle "Corr 2015"]
[Source "ChessBase"]
[SourceDate "2015.07.17"]
[SourceVersion "1"]
[SourceVersionDate "2015.07.17"]
[SourceQuality "1"]

1. d4 d5 2. c4 c6 3. Nf3 Nf6 4. e3 Bg4 5. Nc3 e6 6. h3 Bh5 7. g4 Bg6 8. Ne5 Nbd7 9. Nxg6 hxg6 10. Bd2 g5 11. Qf3 Bb4 12. 0-0-0 Qa5 13. Kb1 Nb6 14. a3 Bxc3 15. Bxc3 Qa4 16. cxd5 cxd5 17. Rc1 Rc8 18. Bd3 Nc4 19. Ka2 a5 20. h4 gxh4 21. g5 Ne4 22. Bxe4 dxe4 23. Qxe4 Nd6 24. Qf4 Qc4+ 25. Ka1 Qd5 26. f3 Nc4 27. e4 Qd6 28. Qg4 h3 29. d5 Ne3 30. Rxh3 Kd7 31. Rxh8 Rxh8 32. dxe6+ fxe6 33. Qg1 Qd3 34. Bxg7 Rc8 35. Rxc8 Kxc8 36. Be5 Kd7 37. Qh1 Nc2+ 38. Ka2 Qc4+ 39. Kb1 Nxa3+ 40. bxa3 Qb5+ 41. Bb2 1-0

[Event "GER-ch67 email"]
[Site "GER email"]
[Date "2013.05.13"]
[Round "?"]
[White "Scharf, Wolfgang"]
[Black "Klapp, Herwig"]
[Result "1/2-1/2"]
[WhiteElo "2019"]
[BlackElo "2130"]
[PlyCount "61"]
[EventDate "2013.05.20"]
[EventType "tourn (corr)"]
[EventRounds "14"]
[EventCountry "GER"]
[SourceTitle "Corr 2015"]
[Source "ChessBase"]
[SourceDate "2015.07.17"]
[SourceVersion "1"]
[SourceVersionDate "2015.07.17"]
[SourceQuality "1"]

1. d4 Nf6 2. c4 e6 3. Nf3 d5 4. Nc3 Bb4 5. Bg5 h6 6. Bxf6 Qxf6 7. e3 0-0 8. Rc1 dxc4 9. Bxc4 c5 10. 0-0 cxd4 11. Nxd4 Bd7 12. a3 Bxc3 13. Rxc3 Nc6 14. Nf3 Rfd8 15. Qc2 Rac8 16. Rc1 Ne5 17. Nxe5 Qxe5 18. Bd3 Rc6 19. b4 Rd6 20. Rc5 Qf6 21. Qc3 Qxc3 22. R5xc3 Bc6 23. Be2 Rd2 24. Kf1 g5 25. R3c2 Kg7 26. f3 a6 27. Rxd2 Rxd2 28. Bxa6 Bxf3 29. gxf3 bxa6 30. Rc6 Rxh2 31. Rxa6 1/2-1/2

[Event "GER-ch67 email"]
[Site "GER email"]
[Date "2013.05.13"]
[Round "?"]
[White "Scharf, Wolfgang"]
[Black "Laube, Bernd"]
[Result "0-1"]
[WhiteElo "2019"]
[BlackElo "2177"]
[PlyCount "160"]
[EventDate "2013.05.20"]
[EventType "tourn (corr)"]
[EventRounds "14"]
[EventCountry "GER"]
[SourceTitle "Corr 2015"]
[Source "ChessBase"]
[SourceDate "2015.07.17"]
[SourceVersion "1"]
[SourceVersionDate "2015.07.17"]
[SourceQuality "1"]

1. d4 Nf6 2. c4 e6 3. Nf3 d5 4. Nc3 c6 5. e3 Nbd7 6. Qc2 Bd6 7. Bd3 0-0 8. 0-0 dxc4 9. Bxc4 a6 10. Rd1 b5 11. Be2 Qc7 12. e4 e5 13. Bg5 exd4 14. Rxd4 Re8 15. Rad1 Bc5 16. R4d3 b4 17. Na4 Nxe4 18. Be3 Bxe3 19. Rxe3 Ndf6 20. Bd3 Bf5 21. h3 Rad8 22. Rde1 Qd6 23. Nh4 g6 24. f3 Ng5 25. Nxf5 gxf5 26. Rxe8+ Nxe8 27. Nc5 Ng7 28. Qf2 a5 29. Bc2 Qh6 30. Kf1 Qf6 31. Nb7 Ra8 32. Ba4 N5e6 33. Nc5 Rd8 34. Nb7 Rc8 35. Bb3 Nd4 36. Nxa5 f4 37. Nc4 Nxb3 38. axb3 Rd8 39. Qc5 Nf5 40. Re5 Qh4 41. Re1 Qg5 42. Re5 Qg3 43. Qf2 Qg6 44. Kg1 Rd1+ 45. Re1 Rd5 46. Nb6 Rd8 47. Nc4 Qg3 48. Kf1 Kg7 49. Qb6 Nh4 50. Qf2 Qg5 51. Qc2 Rd5 52. Qe2 h6 53. Kg1 Qg3 54. Kh1 Nf5 55. Rg1 Qg5 56. Qf2 c5 57. Rc1 Rd3 58. Qc2 Rd7 59. Re1 Qg3 60. Re5 Nh4 61. Re2 Rd5 62. Rd2 Rg5 63. Rf2 Nf5 64. Rd2 Nd4 65. Qd1 Rg6 66. Ne5 Re6 67. Nd3 Re3 68. Qf1 Nxb3 69. Rd1 Qg5 70. Nf2 Nd4 71. Ne4 Qd5 72. Qf2 f5 73. Ng3 Qf7 74. Rd2 Kg6 75. Ne2 Nxe2 76. Rxe2 Qe7 77. Rd2 Re1+ 78. Kh2 Qe3 79. g3 b3 80. gxf4 Qxf2+ 0-1

[Event "GER-ch67 email"]
[Site "GER email"]
[Date "2013.05.13"]
[Round "?"]
[White "Voetter, Hans Dieter"]
[Black "Scharf, Wolfgang"]
[Result "1-0"]
[WhiteElo "2203"]
[BlackElo "1966"]
[PlyCount "195"]
[EventDate "2013.05.20"]
[EventType "tourn (corr)"]
[EventRounds "14"]
[EventCountry "GER"]
[SourceTitle "Corr 2015"]
[Source "ChessBase"]
[SourceDate "2015.07.17"]
[SourceVersion "1"]
[SourceVersionDate "2015.07.17"]
[SourceQuality "1"]

1. c4 e5 2. Nc3 Nf6 3. Nf3 Nc6 4. e3 Bb4 5. Qc2 0-0 6. Nd5 Re8 7. Qf5 d6 8. Nxf6+ Qxf6 9. Qxf6 gxf6 10. a3 Bc5 11. b4 Bb6 12. Bb2 a5 13. b5 Ne7 14. Be2 a4 15. 0-0 c6 16. bxc6 bxc6 17. Bc3 Bf5 18. d3 Reb8 19. Rfb1 d5 20. cxd5 Nxd5 21. Bd2 Bd7 22. Bd1 Kg7 23. Be1 Ra6 24. Kf1 Rd8 25. Rc1 Ra7 26. Nd2 f5 27. Rab1 Ba5 28. Nc4 Bc7 29. g3 Be6 30. Kg1 Nf6 31. Be2 Kg6 32. Bb4 Rb8 33. Bc5 Rxb1 34. Rxb1 Ra8 35. Rb7 Nd5 36. Bf3 Bc8 37. Rb1 Ba6 38. Rc1 Re8 39. e4 fxe4 40. dxe4 Nf6 41. Bb4 Bb5 42. Nd6 Bxd6 43. Bxd6 Bd3 44. Re1 Re6 45. Bb4 Re8 46. h4 Rb8 47. Re3 Bb5 48. Bd6 Re8 49. Re1 h5 50. Rd1 Bc4 51. Kg2 Bb5 52. Bc5 Bc4 53. Bb4 Ng4 54. Rd6+ Re6 55. Rd8 Nf6 56. Kg1 Re8 57. Rd6 Re6 58. Rd1 Re8 59. Bg2 Rb8 60. f3 Ne8 61. Rc1 Bb5 62. Kf2 Rd8 63. Rc5 f6 64. f4 exf4 65. gxf4 Nd6 66. Rc3 Nc4 67. Rg3+ Kf7 68. Bf3 Rh8 69. e5 fxe5 70. Rg5 Ke6 71. Bxh5 exf4 72. Bg4+ Kf7 73. Rf5+ Kg8 74. Rxf4 Ne5 75. Be6+ Kh7 76. Kg3 Re8 77. Bf5+ Kg8 78. Bc3 Be2 79. Rxa4 Bd3 80. Be4 Bb5 81. Ra7 Bd3 82. Bg2 Bc4 83. a4 Nf7 84. Bd4 Rd8 85. Bf6 Rd6 86. Ra8+ Kh7 87. Be4+ Kh6 88. Bb2 Bd5 89. Bf5 Be6 90. Bc1+ Kh5 91. Bxe6 Rxe6 92. Ra5+ Kg6 93. h5+ Kg7 94. Ra7 Re1 95. Bb2+ Kf8 96. a5 Rg1+ 97. Kf3 Rf1+ 98. Ke3 1-0